[Event "ITA-ch U20"]
[Site "Tarvisio"]
[Date "2023.07.02"]
[Round "1"]
[White "De Gennaro, Andrea Antonio"]
[Black "Casagrande, Filippo"]
[Result "1/2-1/2"]
[WhiteElo "1320"]
[BlackElo "1867"]
[PlyCount "69"]
[EventDate "2023.07.02"]
[EventType "swiss"]
[EventRounds "9"]
[EventCountry "ITA"]
[SourceTitle "EXT 2024"]
[Source "ChessBase"]
[SourceDate "2023.10.10"]
[SourceVersion "1"]
[SourceVersionDate "2023.10.10"]
[SourceQuality "1"]

1. c4 c5 2. Nc3 Nc6 3. g3 g6 4. Bg2 Bg7 5. e3 e6 6. Nge2 Nge7 7. 0-0 0-0 8. d4 cxd4 9. exd4 d5 10. cxd5 Nxd5 11. Nxd5 exd5 12. Be3 Bg4 13. f3 Bf5 14. Nc3 Re8 15. Bf2 Qd7 16. Qd2 Re7 17. f4 Be4 18. Nxe4 dxe4 19. d5 f5 20. Rfd1 Nd8 21. Rac1 Nf7 22. Bf1 Nd6 23. Be3 Ree8 24. Rc2 a6 25. Rdc1 Rac8 26. b3 Rxc2 27. Rxc2 Rc8 28. Rxc8+ Nxc8 29. a4 Ne7 30. d6 Nc6 31. Bc4+ Kh8 32. Qd5 Qe8 33. d7 Qf8 34. Bb6 Bf6 35. Kg2 1/2-1/2